Normal view MARC view

Entry Personal Name

Number of records used in: 16

001 - CONTROL NUMBER

  • control field: 6413

003 - CONTROL NUMBER IDENTIFIER

  • control field: DLC

005 - DATE AND TIME OF LATEST TRANSACTION

  • control field: 20260305124457.0

008 - FIXED-LENGTH DATA ELEMENTS

  • fixed length control field: 911031n| acannaabn |a aaa

010 ## - LIBRARY OF CONGRESS CONTROL NUMBER

  • LC control number: n 89105191
  • Canceled/invalid LC control number: no 95032779

035 ## - SYSTEM CONTROL NUMBER

  • System control number: (OCoLC)oca03050053

040 ## - CATALOGING SOURCE

  • Original cataloging agency: DLC
  • Language of cataloging: eng
  • Transcribing agency: DLC
  • Modifying agency: DLC
  • Modifying agency: ViU
  • Modifying agency: DLC
  • Modifying agency: DLC-ON
  • Modifying agency: OCoLC
  • Modifying agency: DLC

046 ## - SPECIAL CODED DATES

  • Birth date: 1945-05-23
  • Death date: 1991-01-24
  • Source of date scheme: edtf

053 #0 - LC CLASSIFICATION NUMBER

  • Classification number element--single number or beginning number of span: PL4718.9.P2943

100 1# - HEADING--PERSONAL NAME

  • Personal name: Patmarājan, Pi.,
  • Dates associated with a name: 1945-1991

372 ## - FIELD OF ACTIVITY

  • Field of activity: Motion pictures--Production and direction
  • Field of activity: Literature
  • Source of term: lcsh

374 ## - OCCUPATION

  • Occupation: Motion picture directors
  • Occupation: Writers
  • Source of term: lcdgt

377 ## - ASSOCIATED LANGUAGE

  • Language code: mal

400 1# - SEE FROM TRACING--PERSONAL NAME

  • Personal name: Padmarajan, P.,
  • Dates associated with a name: 1945-1991

400 0# - SEE FROM TRACING--PERSONAL NAME

  • Personal name: Patmarājan,
  • Dates associated with a name: 1945-1991

400 0# - SEE FROM TRACING--PERSONAL NAME

  • Personal name: Padmarajan,
  • Dates associated with a name: 1945-1991

670 ## - SOURCE DATA FOUND

  • Source citation: His Patmarājant̲e kathakaḷ, 1988:
  • Information found: t.p. (Pi. Patmarājan) t.p. verso (P. Padmarajan) p. facing t.p. (b. 5/23/1945; sc. graduate; with All India Radio, Trivandrum)

670 ## - SOURCE DATA FOUND

  • Source citation: New Delhi non-MARC file
  • Information found: (hdg.: Padmarajan, P., 1945- ; usage: Pi. Patmarājan)

670 ## - SOURCE DATA FOUND

  • Source citation: His Patmarājant̲e tirakkathakaḷ, 1984:
  • Information found: t.p. (Patmarājan)

670 ## - SOURCE DATA FOUND

  • Source citation: His Pr̲atimayuṃ rājakumāriyuṃ, 1991:
  • Information found: t.p. (Pi. Patmarājan) p. facing t.p. (d. 1/24/1991)

670 ## - SOURCE DATA FOUND

  • Source citation: Kariyilakkāt̲t̲upōle, 199u:
  • Information found: container (Padmarajan)

670 ## - SOURCE DATA FOUND

  • Source citation: Ōrmmakaḷuṭe tūvānattumpikaḷ, November 2017:
  • Information found: pref. (Pi. Patmarājan, Malayalam motion picture diretor and author)

Powered by Koha